1430 1377 1860 1589 1420 1230 1476 1331 1162 1208 1836 1314 1031 1337 1825 1025 1901 1224 1840 1255 1002 1813 1412 1621 1200 1334 1035 1917 1315 1557 1790 1394 1987 1451 1432 1085 1190 1915 1042 1177 1365 1278 1159 1467 1449 1615 1608 1930 1628 1419 1086 1495 1403 1881 1945 1688 1569 1710 1161 1204 1202 1848 1828 1403 1158 1515 1326 1522 1419 1174 1460 1673 1829 1758 1561 1599 1781 1572 1224 1063 1797 1627 1589 1853 1552 1372 1890 1041 1428 1707 1762 1752 1753 1150 1298 1359 1793 1218 1135 BCNSPRNW ULIB Ver.6.0+V

เปลี่ยนเป็นภาษาไทย

Change to English
 แสดงรายละเอียดบรรณานุกรม
  กลับหน้าหลัก

Brief Record : Get Marc (ISO 2709) : E-mail record : QR code < ปิดหน้าต่าง
LEADER : 00000nam 2200000uu 4500
001    13399114058
003     ULIB
008    110627s||||||||th 000 0 tha d
020    9789747503159
090    นว.^bซ118ก 2550
100 0  ซอย ยูริ
245 00 กรุ่นกลิ่นไปรักดอกไม้แดง 2/^cซอย ยูริ
250    พิมพ์ครั้งที่ 1
260    กรุงเทพฯ :^bแจ่มใส,^c2550
300    229 หน้า
710 1  แจ่มใส
945    ^p0^l0^i021045
995    ทศพร
999 ^a ใช้งานได้ทุกระบบ
รายการนี้ยังไม่มีแท็ก
คุณยังไม่ได้ล็อกอิน คุณสามารถมีกิจกรรมร่วมกับเว็บไซต์ได้ แต่ต้องล็อกอินก่อน ::
  ล็อกอิน

รายการสื่อสารสนเทศ

ลำดับที่ ประเภท เลขเรียก/บาร์โค้ด สถานที่ สถานะ
1. นวนิยาย
นวนิยาย
นว. ซ118ก 2550 ฉ.1 
  Barcode: 021045
ห้องสมุดวิทยาเขตสวรรค์ประชารักษ์
►นวนิยาย
บนชั้น
  ขอยืม

รายการใกล้เคียง
    ผู้แต่ง [ซอย ยูริ]

BibComment


ยังไม่เคยถูกคอมเมนท์

คอมเมนท์ทรัพยากรรายการนี้
  คอมเมนท์: กรุ่นกลิ่นไปรักดอ..


 Copyright 2026. Bcnsprnw @Library